Countries without mountains - Statistics

General Stats
  • This quiz has been taken 63 times
  • The average score is 6 of 8
Answer Stats
Hint Answer % Correct
Is the only country in Europebeggining with D. Denmark
96%
Is the only country inEurope beggining with E. Estonia
95%
Is one of the 3 'Guinea'. Guinea Bissau
89%
Is home of the bikes. Netherlands
88%
Is the country where the 2022
football world cup was held
Qatar
86%
Is the smallest country in Asia. Maldives
70%
The country surrounded by the clue above. The Gambia
55%
This country nearly surrounds an entire country Senegal
50%
No matching quizzes found
Score Distribution
Percent of People with Each Score
Percentile by Number Answered
Your Score History
You have not taken this quiz